Tutti gli Stati che hanno controllato Stoccolma - Statistics

Statistiche generali
  • Questo quiz è stato fatto 11 volte
  • Il punteggio medio è 7 su 11
Statistiche sulle risposte
con Immagini Hint Risposta % Corretto
1905 - Oggi Quarto Regno di Svezia
100%
1520 Regno di Danimarca
86%
1497 Regno di Danimarca
71%
1611 - 1721 Impero Svedese
57%
1252 - 1397 Primo Regno di Svezia
57%
1814 - 1905 Regno di Svezia-Norvegia
57%
1523 - 1611 Secondo Regno di Svezia
57%
1721 - 1814 Terzo Regno di Svezia
57%
1397 - 1497 Unione di Kalmar
57%
1497 - 1520 Unione di Kalmar
57%
1520 - 1523 Unione di Kalmar
57%
Nessun quiz corrispondente trovato
Distribuzione punteggi
Percentuale di utenti per punteggio
Percentile per numero di risposta
I tuoi punteggi nel tempo
Non hai fatto questo quiz